|
|
|
|
| LEADER |
00000nam0a2200000 4500 |
| 001 |
308198 |
| 005 |
20231102002053.0 |
| 020 |
|
|
|a RU
|b 81-82220
|
| 035 |
|
|
|a (RuTPU)RU\TPU\book\333507
|
| 090 |
|
|
|a 308198
|
| 100 |
|
|
|a 20151029d1981 km y0rusy5003 ca
|
| 101 |
0 |
|
|a rus
|
| 102 |
|
|
|a RU
|
| 105 |
|
|
|a y z 001zy
|
| 200 |
1 |
|
|a Управление в Японии: организация и методы
|f А. Н. Курицын
|
| 210 |
|
|
|a Москва
|c Наука
|d 1981
|
| 215 |
|
|
|a 232 с.
|
| 320 |
|
|
|a Библиогр.: с. 225-231
|
| 606 |
1 |
|
|a Организация управления
|x Оценка
|2 stltpush
|3 (RuTPU)RU\TPU\subj\47296
|9 66350
|
| 610 |
1 |
|
|a Япония
|
| 610 |
1 |
|
|a менеджиент
|
| 610 |
1 |
|
|a японская система
|
| 610 |
1 |
|
|a методы
|
| 610 |
1 |
|
|a модернизация
|
| 610 |
1 |
|
|a НТП
|
| 610 |
1 |
|
|a практика
|
| 610 |
1 |
|
|a управление персоналом
|
| 610 |
1 |
|
|a информационные технологии
|
| 610 |
1 |
|
|a СМК
|
| 610 |
1 |
|
|a промышленная продукция
|
| 675 |
|
|
|a 651.01
|z rus
|v 3
|
| 700 |
|
1 |
|a Курицын
|b А. Н.
|g Александр Николаевич
|4 070
|
| 801 |
|
0 |
|a RU
|b RuMRKP
|c 19950704
|g psbo
|
| 801 |
|
1 |
|a RU
|b 63413507
|c 20151029
|
| 801 |
|
2 |
|a RU
|b 63413507
|c 20171013
|g RCR
|
| 942 |
|
|
|c BK
|